000 00430nam a2200133Ia 4500
003 GCL
008 140319s9999 xx 000 0 ara d
040 _aGCL /
_cGCL
082 0 4 _a320.956
_bه خ
245 1 0 _aخيار شمشون: ترسانة اسرائيل النووية وسياسة امريكا الخارجية
260 _a[S.N] :
_bشركة الارض للنشر المحدوده ،
_c1992
300 _a243 ص
490 _a
999 _c30151
_d30151